📖150 premiers mots "Les Âmes vagabondes" S. Meyer #2 chap 1 - Statistiques

Statistiques générales
  • Ce quiz a Ă©tĂ© pris 8 fois
  • Le rĂ©sultat moyen est 77 sur 150
Statistiques - réponses
Mots % Correct
Ă 
100%
l'
100%
L'
100%
s'
100%
c'
86%
C'
86%
de
86%
et
86%
j'
86%
la
86%
La
86%
m'
86%
n'
86%
par
86%
un
86%
y
86%
dans
71%
des
71%
elle.
71%
elle
71%
Elle
71%
elle,
71%
est
71%
était
71%
Ma
71%
ma
71%
mais
71%
mon
71%
ne
71%
Pas
71%
qu'
71%
que
71%
sa
71%
au
57%
avais
57%
avait
57%
avec
57%
Ce
57%
du
57%
faire
57%
je
57%
lui.
57%
me
57%
mĂŞme
57%
mienne.
57%
moi
57%
Parce
57%
plus
57%
son
57%
toujours,
57%
fin,
43%
fin
43%
mort.
43%
mort
43%
ni
43%
On
43%
peu
43%
peu ...
43%
prévenue.
43%
Cela
29%
celles
29%
corps,
29%
corps
29%
corps.
29%
présent.
29%
suis
29%
affect.
14%
commençait
14%
employais
14%
fonctionnait.
14%
gauche
14%
jusqu'
14%
laborieuse,
14%
langue
14%
Parfois
14%
parvenue
14%
trouver
14%
aveugle,
0%
beauté.
0%
bizarre,
0%
chaque
0%
comparée
0%
déjà
0%
effet
0%
espèce,
0%
étroitement
0%
façon
0%
fluidité,
0%
Grâce
0%
"indigène".
0%
instinct
0%
irréversible
0%
lier
0%
limitée
0%
linéaire
0%
lovant
0%
néanmoins,
0%
nerveux
0%
organique,
0%
parvenais,
0%
quelconque.
0%
réflexe
0%
sédatifs
0%
spécifique
0%
système
0%
-terriblement
0%
utilisées-
0%
Aucun quiz correspondant
Distribution des résultats
% des personnes avec chaque résultat
Percentile par nombre de réponses
Votre historique - résultats
Vous n’avez pas pris ce quiz